000 00522nam a2200181Ia 4500
005 20250326125556.0
008 250326s9999 xx 000 0 und d
037 _aTextbook
040 _aFMSL
_beng
_cFMSL
041 _aeng
_2eng
084 _aX:51oaY:6 L5
_qFMSL
100 _aLevy S J
_9736964
245 0 _aMarketing society, and conflict
_cLevy S J; Zaltman G
260 _aNew Jersey
_bNew Jersey, Prentice-Hall
_c1975
300 _a134p
942 _cTB
_hX:51oaY:6 L5
999 _c1278645
_d1278645